[Event "CZE-ch U10"]
[Site "Kouty nad Desnou"]
[Date "2024.03.15"]
[Round "8"]
[White "Bucek, Vit"]
[Black "Vydra, David"]
[Result "1-0"]
[WhiteElo "1603"]
[BlackElo "1583"]
[PlyCount "49"]
[EventDate "2024.03.09"]
[EventType "swiss"]
[EventRounds "9"]
[EventCountry "CZE"]
[SourceTitle "CBM 219 Extra"]
[Source "ChessBase"]
[SourceDate "2024.05.31"]
[SourceVersion "1"]
[SourceVersionDate "2024.05.31"]
[SourceQuality "1"]

1. e4 c5 2. Nf3 d6 3. d4 cxd4 4. Nxd4 Nf6 5. Nc3 a6 6. Be3 e5 7. Nb3 Be6 8. f3 Be7 9. Qd2 0-0 10. 0-0-0 a5 11. Na4 Nbd7 12. g4 b6 13. g5 Nh5 14. h4 Nc5 15. Nbxc5 bxc5 16. Be2 Ng3 17. Rhg1 Nxe2+ 18. Qxe2 Qb8 19. c4 Qb4 20. b3 Rab8 21. Qc2 Qb7 22. Nc3 Qb4 23. Nb5 a4 24. Bd2 axb3 25. axb3 1-0

[Event "CZE-ch U10"]
[Site "Kouty nad Desnou"]
[Date "2024.03.12"]
[Round "5"]
[White "Bartak, Tobias"]
[Black "Bucek, Vit"]
[Result "1/2-1/2"]
[WhiteElo "1545"]
[BlackElo "1603"]
[PlyCount "114"]
[EventDate "2024.03.09"]
[EventType "swiss"]
[EventRounds "9"]
[EventCountry "CZE"]
[SourceTitle "CBM 219 Extra"]
[Source "ChessBase"]
[SourceDate "2024.05.31"]
[SourceVersion "1"]
[SourceVersionDate "2024.05.31"]
[SourceQuality "1"]

1. e4 c5 2. Nf3 Nc6 3. c3 g6 4. d4 cxd4 5. cxd4 d5 6. e5 Bg7 7. Bb5 f6 8. Bxc6+ bxc6 9. Qa4 Qc7 10. Bf4 Qb6 11. 0-0 Bd7 12. Nbd2 Rc8 13. Qb3 e6 14. Qxb6 axb6 15. b4 f5 16. Nb3 Bf8 17. Bd2 h6 18. Nh4 Ne7 19. f4 Rg8 20. Nf3 Rc7 21. Rfc1 Rc8 22. a4 Rb8 23. Rcb1 g5 24. fxg5 hxg5 25. Nxg5 Ng6 26. g3 Be7 27. a5 Bxg5 28. Bxg5 Rb7 29. axb6 Rxb6 30. Nc5 Rb8 31. Nxd7 Kxd7 32. Ra7+ Kc8 33. Rc1 Nxe5 34. Bf4 Nf3+ 35. Kf2 Nxd4 36. Bxb8 Kxb8 37. Re7 Rg4 38. Re1 Kc8 39. h3 Kd8 40. R7xe6 Re4 41. R1xe4 fxe4 42. Rf6 Ke7 43. Rh6 Kf7 44. g4 Kg7 45. Rd6 Kf7 46. b5 Ke7 47. Rxc6 Nxb5 48. Rc5 Nd4 49. Rxd5 Nf3 50. Ke3 Ng1 51. Kxe4 Nxh3 52. Kf3 Kf6 53. Kg3 Ng5 54. Rf5+ Kg6 55. Kh4 Nh7 56. g5 Kxf5 57. g6 Kxg6 1/2-1/2

[Event "CZE-ch U10"]
[Site "Kouty nad Desnou"]
[Date "2024.03.09"]
[Round "1"]
[White "Rybar, Vojta"]
[Black "Bucek, Vit"]
[Result "0-1"]
[WhiteElo "1435"]
[BlackElo "1603"]
[PlyCount "52"]
[EventDate "2024.03.09"]
[EventType "swiss"]
[EventRounds "9"]
[EventCountry "CZE"]
[SourceTitle "CBM 219 Extra"]
[Source "ChessBase"]
[SourceDate "2024.05.31"]
[SourceVersion "1"]
[SourceVersionDate "2024.05.31"]
[SourceQuality "1"]

1. e4 c5 2. Nf3 e6 3. d4 cxd4 4. Nxd4 Nf6 5. Nc3 Nc6 6. Be3 Bb4 7. Bd3 d5 8. f3 0-0 9. 0-0 Qb6 10. Na4 Qc7 11. a3 Bd6 12. h3 a6 13. Nb3 b5 14. Nac5 d4 15. Bf2 Qb6 16. e5 Bxe5 17. Ne4 Bb7 18. c3 Nxe4 19. Bxe4 Qc7 20. Qc2 dxc3 21. bxc3 f5 22. Bd3 b4 23. Bc5 Bxc3 24. Bxf8 Bxa1 25. Rxa1 Rxf8 26. Nd4 Qb6 0-1

[Event "CZE-ch U10"]
[Site "Teplice"]
[Date "2023.03.14"]
[Round "5"]
[White "Bucek, Vit"]
[Black "Skoloud, Josef"]
[Result "0-1"]
[WhiteElo "1198"]
[BlackElo "1090"]
[PlyCount "96"]
[EventDate "2023.03.11"]
[EventType "swiss"]
[EventRounds "9"]
[EventCountry "CZE"]
[SourceTitle "CBM 213 Extra"]
[Source "ChessBase"]
[SourceDate "2023.05.31"]
[SourceVersion "1"]
[SourceVersionDate "2023.05.31"]
[SourceQuality "1"]

1. e4 e5 2. Nf3 Nc6 3. d4 exd4 4. Bc4 Nf6 5. e5 Ng4 6. 0-0 Be7 7. Re1 0-0 8. h3 Nh6 9. Bxh6 gxh6 10. Nxd4 Kh8 11. Nc3 Bh4 12. Qd2 f6 13. exf6 Qxf6 14. Nf3 d6 15. b3 Bxf2+ 16. Kxf2 Bxh3 17. Re3 Bg4 18. Rae1 Ne5 19. Be2 Bxf3 20. Bxf3 Ng4+ 21. Kf1 Nxe3+ 22. Rxe3 c6 23. Ne4 Qg6 24. Qxd6 Qg7 25. Qa3 Qd4 26. Qc1 Rae8 27. Ke2 Rf7 28. Bh5 Rxe4 29. Bxf7 Rg4 30. Qf1 Rf4 31. Rg3 Re4+ 32. Re3 Rxe3+ 33. Kf2 Qd2+ 34. Kg1 Re1 35. Bc4 Rxf1+ 36. Kxf1 Qxc2 37. a4 a6 38. a5 Qc3 39. g4 Qd4 40. Bxa6 bxa6 41. b4 Qd2 42. b5 cxb5 43. Kg1 Kg7 44. Kh1 Kg6 45. Kg1 Kg5 46. Kh1 Kf4 47. g5 Kg3 48. gxh6 Qg2# 0-1

[Event "CZE-chT U12"]
[Site "Jihlava"]
[Date "2022.06.11"]
[Round "6.6"]
[White "Bucek, Vit"]
[Black "Moravec, Rene"]
[Result "0-1"]
[WhiteElo "1046"]
[BlackElo "1119"]
[PlyCount "62"]
[EventDate "2022.06.10"]
[EventType "team-swiss"]
[EventRounds "9"]
[EventCountry "CZE"]
[SourceTitle "CBM 209 Extra"]
[Source "ChessBase"]
[SourceDate "2022.09.30"]
[SourceVersion "1"]
[SourceVersionDate "2022.09.30"]
[SourceQuality "1"]
[WhiteTeam "Frydek Mistek U12"]
[BlackTeam "Stare Mesto U12"]
[WhiteTeamCountry "CZE"]
[BlackTeamCountry "CZE"]

1. d4 Nf6 2. Nc3 g6 3. e4 d5 4. e5 Nfd7 5. Nxd5 Bg7 6. Nf3 0-0 7. Bc4 c5 8. dxc5 Qa5+ 9. c3 Qxc5 10. Bb3 Nxe5 11. Nxe5 Bxe5 12. 0-0 Nc6 13. Bh6 Bg7 14. Bxg7 Kxg7 15. Re1 Be6 16. Nc7 Rad8 17. Qc2 Bxb3 18. Qxb3 Rd2 19. Rf1 a6 20. Qxb7 Na5 21. Qxa6 Qxc7 22. Qb5 Rb8 23. Qa4 Rbxb2 24. Qe8 Qc5 25. Qa8 Rxf2 26. Rxf2 Qxf2+ 27. Kh1 Nb7 28. Rg1 Nd6 29. a4 Qh4 30. a5 Nf5 31. a6 Ng3# 0-1